[Event "FRM-chT 30th"]
[Site "Struga"]
[Date "2022.10.15"]
[Round "2.5"]
[White "Trajanovski, Ratko"]
[Black "Trajkoski, Slave"]
[Result "1/2-1/2"]
[WhiteElo "2157"]
[BlackElo "2288"]
[PlyCount "133"]
[EventDate "2022.10.14"]
[EventType "team-tourn"]
[EventRounds "7"]
[EventCountry "MKD"]
[SourceTitle "CBM 210 Extra"]
[Source "ChessBase"]
[SourceDate "2022.11.30"]
[SourceVersion "1"]
[SourceVersionDate "2022.11.30"]
[SourceQuality "1"]
[WhiteTeam "Shipkovica Anpasan"]
[BlackTeam "Prilep"]
[WhiteTeamCountry "MKD"]
[BlackTeamCountry "MKD"]

1. d4 Nf6 2. Nf3 g6 3. c4 Bg7 4. Nc3 d5 5. e3 0-0 6. Qb3 e6 7. Bd2 b6 8. cxd5 exd5 9. Bd3 c5 10. Qa3 Re8 11. 0-0 c4 12. Be2 Bf8 13. Qa4 b5 14. Nxb5 Bd7 15. Ba5 Qc8 16. Ne5 Ne4 17. Nxd7 Qxd7 18. b3 Rc8 19. Rac1 a6 20. Nc3 Nxc3 21. Bxc3 Qxa4 22. bxa4 Nd7 23. a5 Rab8 24. Rb1 Ba3 25. Bf3 Nf6 26. Rb6 Rxb6 27. axb6 Rb8 28. Rb1 Rb7 29. g4 g5 30. h3 Kf8 31. Ba5 Ke7 32. Bg2 Kd6 33. f3 Kc6 34. e4 Be7 35. Kf2 Bd8 36. Ke3 Bxb6 37. Bxb6 Rxb6 38. Rxb6+ Kxb6 39. e5 Ng8 40. f4 gxf4+ 41. Kxf4 Ne7 42. Bf3 Ka5 43. Kg5 c3 44. Bd1 Nc6 45. Kf6 Nxd4 46. Kxf7 c2 47. Bxc2 Nxc2 48. e6 Nd4 49. e7 Nb5 50. Kf6 Nc7 51. Ke5 Kb6 52. e8Q Nxe8 53. Kxd5 Kc7 54. Ke6 a5 55. Kf7 Kd7 56. g5 a4 57. h4 Nd6+ 58. Kg8 Nf5 59. Kxh7 Nxh4 60. g6 Nf5 61. g7 Nxg7 62. Kxg7 Kc6 63. Kf6 Kb5 64. Ke5 Kb4 65. Kd4 Ka3 66. Kc3 Kxa2 67. Kc2 1/2-1/2

[Event "FRM-chT"]
[Site "Ohrid"]
[Date "2019.07.28"]
[Round "7.3"]
[White "Petrov, Saravco"]
[Black "Trajkoski, Slave"]
[Result "1/2-1/2"]
[WhiteElo "2145"]
[BlackElo "2305"]
[PlyCount "129"]
[EventDate "2019.07.22"]
[EventType "team-tourn"]
[EventRounds "7"]
[EventCountry "MKD"]
[SourceTitle "EXT 2020"]
[Source "ChessBase"]
[SourceDate "2019.10.17"]
[SourceVersion "1"]
[SourceVersionDate "2019.10.17"]
[SourceQuality "1"]
[WhiteTeam "Skopje Karposh"]
[BlackTeam "Prilep"]
[WhiteTeamCountry "MKD"]
[BlackTeamCountry "MKD"]

1. e4 c5 2. Nf3 Nc6 3. Bb5 g6 4. 0-0 Bg7 5. Re1 Nf6 6. c3 0-0 7. d4 cxd4 8. cxd4 d6 9. h3 Bd7 10. Nc3 a6 11. Bf1 Rc8 12. Be3 b5 13. e5 dxe5 14. dxe5 Ne8 15. Bf4 Nc7 16. Qd2 Be6 17. Qxd8 Rfxd8 18. Ng5 Nd4 19. Red1 h6 20. Nxe6 Ncxe6 21. Bh2 g5 22. Rac1 Rc5 23. Ne4 Rcd5 24. Nc3 R5d7 25. Re1 Rc7 26. Ne4 Rdc8 27. Rxc7 Rxc7 28. Bd3 Nc6 29. Nc3 Rd7 30. Be4 Ned4 31. f4 e6 32. g3 Na5 33. b3 Bf8 34. Kf1 Rc7 35. Ne2 Nxe2 36. Kxe2 Nc6 37. Bxc6 Rxc6 38. Kd3 Bb4 39. Re2 Rc3+ 40. Ke4 Rc1 41. Kf3 gxf4 42. gxf4 Kh7 43. Bg3 Kg6 44. Ke4 Rh1 45. Rh2 Rc1 46. Rg2 Kh5 47. Kf3 Rc3+ 48. Ke2 Rc2+ 49. Kf3 Rxg2 50. Kxg2 Kg6 51. Kf3 Kf5 52. Ke3 Bc5+ 53. Kf3 Bb4 54. Bf2 Bd2 55. Be3 Bc3 56. Bf2 h5 57. Be3 Be1 58. Bg1 Bc3 59. Be3 f6 60. exf6 Bxf6 61. Bb6 Bg7 62. Bc7 Bf8 63. Be5 Bh6 64. Bc7 Bg7 65. Bb8 1/2-1/2

[Event "FRM-chT"]
[Site "Ohrid"]
[Date "2019.07.23"]
[Round "2.4"]
[White "Ilic, Zoran"]
[Black "Trajkoski, Slave"]
[Result "1/2-1/2"]
[WhiteElo "2296"]
[BlackElo "2305"]
[PlyCount "45"]
[EventDate "2019.07.22"]
[EventType "team-tourn"]
[EventRounds "7"]
[EventCountry "MKD"]
[SourceTitle "EXT 2020"]
[Source "ChessBase"]
[SourceDate "2019.10.17"]
[SourceVersion "1"]
[SourceVersionDate "2019.10.17"]
[SourceQuality "1"]
[WhiteTeam "Skopje Kisela Voda"]
[BlackTeam "Prilep"]
[WhiteTeamCountry "MKD"]
[BlackTeamCountry "MKD"]

1. c4 Nf6 2. Nc3 c5 3. g3 g6 4. Bg2 Bg7 5. d3 0-0 6. Nh3 Nc6 7. 0-0 Rb8 8. Nf4 a6 9. a4 Nb4 10. Rb1 d6 11. Bd2 Bd7 12. Ncd5 Nfxd5 13. Nxd5 Nxd5 14. Bxd5 e6 15. Bf3 Qe8 16. a5 Ba4 17. b3 Bc6 18. Bxc6 bxc6 19. b4 cxb4 20. Rxb4 Rxb4 21. Bxb4 c5 22. Bd2 Qa8 23. Qc2 1/2-1/2

[Event "FRM-chT"]
[Site "Struga"]
[Date "2018.08.13"]
[Round "3.4"]
[White "Trajkoski, Slave"]
[Black "Jovic, Stanoje"]
[Result "1/2-1/2"]
[WhiteElo "2328"]
[BlackElo "2259"]
[PlyCount "49"]
[EventDate "2018.08.11"]
[EventType "team-tourn"]
[EventRounds "7"]
[EventCountry "MKD"]
[SourceTitle "CBM 186 Extra"]
[Source "ChessBase"]
[SourceDate "2018.08.24"]
[SourceVersion "1"]
[SourceVersionDate "2018.08.24"]
[SourceQuality "1"]
[WhiteTeam "Prilep"]
[BlackTeam "Gostivar"]
[WhiteTeamCountry "MKD"]
[BlackTeamCountry "MKD"]

1. e4 c6 2. d4 d5 3. Nc3 dxe4 4. Nxe4 Nf6 5. Nxf6+ exf6 6. c3 Bd6 7. Bd3 0-0 8. Ne2 Qc7 9. Qc2 Kh8 10. Be3 Be6 11. Ng3 Re8 12. 0-0 g6 13. Rfe1 Nd7 14. c4 f5 15. Bd2 Kg8 16. Bc3 Bf8 17. d5 cxd5 18. cxd5 Bxd5 19. Bxf5 Qc6 20. Bxd7 Qxd7 21. Qd2 Bc6 22. Qf4 Bg7 23. Bxg7 Kxg7 24. Qg5 Kf8 25. Qf6 1/2-1/2

[Event "FRM-chT"]
[Site "Struga"]
[Date "2018.08.12"]
[Round "2.3"]
[White "Trajkoski, Slave"]
[Black "Petrov, Saravco"]
[Result "0-1"]
[WhiteElo "2328"]
[BlackElo "2135"]
[PlyCount "103"]
[EventDate "2018.08.11"]
[EventType "team-tourn"]
[EventRounds "7"]
[EventCountry "MKD"]
[SourceTitle "CBM 186 Extra"]
[Source "ChessBase"]
[SourceDate "2018.08.24"]
[SourceVersion "1"]
[SourceVersionDate "2018.08.24"]
[SourceQuality "1"]
[WhiteTeam "Prilep"]
[BlackTeam "Skopje Karposh"]
[WhiteTeamCountry "MKD"]
[BlackTeamCountry "MKD"]

1. e4 b6 2. d4 Bb7 3. Nc3 g6 4. Be3 Bg7 5. Qd2 d6 6. Bc4 e6 7. 0-0-0 a6 8. d5 e5 9. f4 Nd7 10. Nf3 Qe7 11. f5 Ngf6 12. h3 b5 13. Bb3 b4 14. Ne2 Nxe4 15. Qxb4 Nec5 16. g4 a5 17. Qe1 Ba6 18. Nc3 0-0 19. Qh4 Qxh4 20. Nxh4 Rfb8 21. Ba4 Nxa4 22. Nxa4 e4 23. b3 Bb5 24. Nb2 a4 25. Nxa4 Bxa4 26. bxa4 Rxa4 27. Kd2 Rb5 28. Rb1 Rxd5+ 29. Ke2 Rxa2 30. Rhc1 Bb2 31. Rd1 Rxd1 32. Kxd1 Ra1 33. Rxa1 Bxa1 34. Ke2 Be5 35. fxg6 fxg6 36. Ba7 d5 37. Ke3 Kf7 38. Ng2 Ke6 39. Nf4+ Bxf4+ 40. Kxf4 c5 41. c4 dxc4 42. Kxe4 Kd6 43. g5 Kc6 44. h4 Kd6 45. Ke3 Kd5 46. Kd2 Kd4 47. Kc2 c3 48. Kc1 Kd3 49. Kd1 c2+ 50. Kc1 Kc3 51. Bb8 Nxb8 52. h5 0-1

[Event "Skopje Mitrov Tikata Memorial"]
[Site "Skopje"]
[Date "2015.11.08"]
[Round "3"]
[White "Chatalbashev, Boris"]
[Black "Trajkoski, Slave"]
[Result "1-0"]
[WhiteElo "2564"]
[BlackElo "2328"]
[PlyCount "73"]
[EventDate "2015.11.08"]
[EventType "swiss (rapid)"]
[EventRounds "9"]
[EventCountry "MKD"]
[SourceTitle "CBM 169 Extra"]
[Source "ChessBase"]
[SourceDate "2015.12.18"]
[SourceVersion "1"]
[SourceVersionDate "2015.12.18"]
[SourceQuality "1"]

1. d4 Nf6 2. c4 g6 3. Nc3 d5 4. cxd5 Nxd5 5. Bd2 Bg7 6. e4 Nxc3 7. Bxc3 0-0 8. Nf3 b6 9. Bc4 Bb7 10. Qe2 e6 11. 0-0 Nd7 12. Rad1 Qe7 13. Rfe1 c5 14. d5 exd5 15. Bxg7 Kxg7 16. exd5 Qxe2 17. Rxe2 Rfe8 18. Rxe8 Rxe8 19. Bb5 Rd8 20. Bc6 Bc8 21. h3 Kf6 22. Re1 Nb8 23. Ba8 Na6 24. Ne5 Nc7 25. Nc6 Rxd5 26. Nxa7 Nxa8 27. Nxc8 Rd2 28. Rb1 Ke6 29. a4 Kd7 30. Na7 Nc7 31. b4 Ra2 32. a5 b5 33. Rd1+ Ke6 34. bxc5 Rxa5 35. Nc6 Ra2 36. g4 h5 37. Rd6# 1-0

[Event "FRM-chT 20th"]
[Site "Struga"]
[Date "2011.08.14"]
[Round "7"]
[White "Jacimovic, Dragoljub"]
[Black "Trajkoski, Slave"]
[Result "0-1"]
[WhiteElo "2443"]
[BlackElo "2316"]
[PlyCount "80"]
[EventDate "2011.08.08"]
[EventType "team-tourn"]
[EventRounds "7"]
[EventCountry "MKD"]
[SourceTitle "CBM 143 Extra"]
[Source "ChessBase"]
[SourceDate "2011.08.29"]
[SourceVersion "1"]
[SourceVersionDate "2011.08.29"]
[SourceQuality "1"]
[WhiteTeam "Skopje Alkaloid"]
[BlackTeam "Skopje Kisela Voda"]
[WhiteTeamCountry "MKD"]
[BlackTeamCountry "MKD"]

1. d4 Nf6 2. c4 g6 3. Nc3 d5 4. cxd5 Nxd5 5. Qb3 Nxc3 6. bxc3 Bg7 7. Ba3 0-0 8. e3 b6 9. Be2 Nd7 10. Nf3 c5 11. 0-0 Qc7 12. Rad1 Bb7 13. d5 Nf6 14. c4 e6 15. Bb2 exd5 16. cxd5 Ne4 17. Bxg7 Kxg7 18. Bd3 Rfe8 19. Bxe4 Rxe4 20. Ng5 Ree8 21. Rfe1 h6 22. Nf3 f5 23. d6 Qc6 24. Qc3+ Kh7 25. Qf6 Rg8 26. e4 fxe4 27. Ne5 Qe8 28. d7 Qf8 29. Nf7 Rg7 30. d8Q Rxd8 31. Rxd8 Qxf7 32. Qd6 Qf5 33. Qb8 Rf7 34. Rh8+ Kg7 35. Qg8+ Kf6 36. Rxh6 Kg5 37. f4+ Kxh6 38. Re3 Qxf4 39. Qh8+ Kg5 40. Rg3+ Kf5 0-1

[Event "FRM-chT 20th"]
[Site "Struga"]
[Date "2011.08.13"]
[Round "6"]
[White "Trajkoski, Slave"]
[Black "Hristovski, Srdzan"]
[Result "1-0"]
[WhiteElo "2316"]
[BlackElo "2145"]
[PlyCount "49"]
[EventDate "2011.08.08"]
[EventType "team-tourn"]
[EventRounds "7"]
[EventCountry "MKD"]
[SourceTitle "CBM 143 Extra"]
[Source "ChessBase"]
[SourceDate "2011.08.29"]
[SourceVersion "1"]
[SourceVersionDate "2011.08.29"]
[SourceQuality "1"]
[WhiteTeam "Skopje Kisela Voda"]
[BlackTeam "Kumanovo"]
[WhiteTeamCountry "MKD"]
[BlackTeamCountry "MKD"]

1. e4 Nf6 2. e5 Nd5 3. d4 d6 4. Bc4 Nb6 5. Bb3 g6 6. Nf3 Bg7 7. exd6 cxd6 8. 0-0 0-0 9. Bg5 Qc7 10. Re1 e5 11. Nc3 a6 12. a4 h6 13. a5 hxg5 14. axb6 Qxb6 15. Nd5 Qd8 16. dxe5 g4 17. exd6 gxf3 18. Ne7+ Kh7 19. Ra4 Bh6 20. Qxf3 Qxd6 21. Nxc8 Rxc8 22. Qxf7+ Kh8 23. Rh4 g5 24. Re8+ Rxe8 25. Qxe8+ 1-0

[Event "FRM-chT 19th"]
[Site "Struga"]
[Date "2010.08.11"]
[Round "3"]
[White "Trajkoski, Slave"]
[Black "Colovic, Aleksandar"]
[Result "0-1"]
[WhiteElo "2315"]
[BlackElo "2452"]
[PlyCount "57"]
[EventDate "2010.08.09"]
[EventType "team"]
[EventRounds "7"]
[EventCountry "MKD"]
[SourceTitle "CBM 137 Extra"]
[Source "ChessBase"]
[SourceDate "2010.09.01"]
[SourceVersion "1"]
[SourceVersionDate "2010.09.01"]
[SourceQuality "1"]

1. e4 c5 2. c3 Nf6 3. e5 Nd5 4. d4 cxd4 5. Nf3 e6 6. cxd4 d6 7. a3 Bd7 8. Bd3 Bc6 9. 0-0 Nd7 10. Qe2 Be7 11. Bd2 dxe5 12. Nxe5 Nxe5 13. dxe5 Qb6 14. Nc3 Nxc3 15. Bxc3 0-0 16. Rac1 Rfd8 17. Bb1 g6 18. Rfd1 Ba4 19. Rxd8+ Rxd8 20. Qg4 Bb3 21. h4 h5 22. Qf4 Rc8 23. Bd2 Rxc1+ 24. Bxc1 Qd8 25. Be4 Bxh4 26. Bxb7 Qd1+ 27. Kh2 Bxf2 28. Bf3 Qg1+ 29. Kh3 0-1